Diccionari de meteorologia (Registre núm. 67344)
[ vista simple ]
| 000 -LEADER | |
|---|---|
| campo de control de longitud fija | 01085amm a2200361a 44500 |
| 008 - DATOS DE LONGITUD FIJA--INFORMACIÓN GENERAL | |
| campo de control de longitud fija | 180507s2018 cat |
| 041 ## - CÓDIGO DE IDIOMA | |
| Código de lengua del texto/banda sonora o título independiente | cat |
| 041 ## - CÓDIGO DE IDIOMA | |
| Llengües tractades | eng |
| 041 ## - CÓDIGO DE IDIOMA | |
| Llengües tractades | fre |
| 041 ## - CÓDIGO DE IDIOMA | |
| Llengües tractades | spa |
| 080 ## - NÚMERO DE LA CLASIFICACIÓN DECIMAL UNIVERSAL | |
| Número de la Clasificación Decimal Universal | 551.5(038) |
| 100 ## - ENTRADA PRINCIPAL--NOMBRE DE PERSONA | |
| Nombre de persona | Jorge Sánchez, Joan |
| 9 (RLIN) | 61034 |
| 245 ## - MENCIÓN DEL TÍTULO | |
| Título | Diccionari de meteorologia |
| Medio | [en línia] |
| Mención de responsabilidad, etc. | Joan Jorge Sánchez; Joan Josep Rivera Amores |
| 260 ## - PUBLICACIÓN, DISTRIBUCIÓN, ETC. | |
| Lugar de publicación, distribución, etc. | Barcelona |
| Nombre del editor, distribuidor, etc. | TERMCAT, Centre de Terminologia |
| Fecha de publicación, distribución, etc. | 2018 |
| 365 ## - PRECIO COMERCIAL | |
| Cantidad | 2.000 |
| 365 ## - PRECIO COMERCIAL | |
| Código de moneda | ptes |
| 490 ## - MENCIÓN DE SERIE | |
| Mención de serie | Diccionaris en Línia |
| 500 ## - NOTA GENERAL | |
| Publicació TERMCAT | termcat |
| 520 ## - RESUMEN, ETC. | |
| Nombre de termes | 876 |
| 546 ## - NOTA DE IDIOMA | |
| Llengua de les definicions | català |
| 591 ## - Codi de font | |
| Codi de font | UPC-METEOR-E |
| 592 ## - Tipus obra | |
| Tipus d'obra | Obra terminològica |
| 593 ## - Codi CGAT | |
| Codi de la CGAT | CE |
| 650 ## - PUNTO DE ACCESO ADICIONAL DE MATERIA--TÉRMINO DE MATERIA | |
| Término de materia o nombre geográfico como elemento de entrada | meteorologia |
| 9 (RLIN) | 61036 |
| 700 ## - ENTRADA AGREGADA--NOMBRE PERSONAL | |
| Nombre de persona | Rivera Amores, Joan Josep |
| 9 (RLIN) | 61035 |
| 710 ## - ENTRADA AGREGADA--NOMBRE DE ENTIDAD CORPORATIVA | |
| Nombre de entidad corporativa o nombre de jurisdicción como elemento de entrada | Universitat Politècnica de Catalunya.Servei de Llengües i Terminologia |
| 9 (RLIN) | 60616 |
| 830 ## - PUNTO DE ACCESO ADICIONAL DE SERIE-TÍTULO UNIFORME | |
| Título uniforme | Diccionaris en Línia |
| 9 (RLIN) | 74364 |
| 856 ## - LOCALIZACIÓN Y ACCESO ELECTRÓNICOS | |
| Identificador Uniforme de Recursos | <a href="http://www.termcat.cat/ca/Diccionaris_En_Linia/249/">http://www.termcat.cat/ca/Diccionaris_En_Linia/249/</a> |
| 901 ## - ELEMENTOS DE DATOS A LOCAL LDA (RLIN) | |
| c | cop. <2018> |
| 902 ## - ELEMENTOS DE DATOS B LOCAL, LDB (RLIN) | |
| a | 180507 |
| 942 ## - ELEMENTOS DE ENTRADA SECUNDARIOS (KOHA) | |
| Tipo de ítem Koha | Monografia |
| Suprimir en OPAC | No |
| Fuente del sistema de clasificación o colocación | Clasificación Decimal Dewey |
| Estatus retirado | Estado de pérdida | Estado de daño | No para préstamo | Biblioteca de origen | Biblioteca actual | Fecha de adquisición | Total de préstamos | Código de barras | Visto por última vez | Identificador Uniforme de Recursos | Precio de reemplazo | Tipo de ítem Koha |
|---|---|---|---|---|---|---|---|---|---|---|---|---|
| TERMCAT | TERMCAT | 07/05/2018 | 16420 | 30/09/2021 | https://www.termcat.cat/ca/diccionaris-en-linia/249 | 30/09/2021 | MO |